|
|
|
|
| LEADER |
00810cam a2200253 7i4500 |
| 001 |
0000026184 |
| 005 |
20110424090000.0 |
| 090 |
0 |
0 |
|a E.U 338.7
|b GUI
|
| 245 |
1 |
0 |
|a Guide to doing business with EU :
|b Germany, UK, France & Italy 2008.
|
| 260 |
0 |
0 |
|a Wanchai:
|b Hong Kong Trade Development Council (HKTDC),
|c 2008.
|
| 300 |
# |
# |
|a [v.p].
|
| 650 |
0 |
0 |
|a Business --
|z France
|
| 650 |
0 |
0 |
|a Business --
|z Germany
|
| 650 |
0 |
0 |
|a Business --
|z United Kingdom
|
| 650 |
0 |
0 |
|a Business --
|z Italy
|
| 650 |
0 |
0 |
|a Trade policy --
|z Germany
|
| 650 |
0 |
0 |
|a Trade policy --
|z United Kingdom
|
| 650 |
0 |
0 |
|a Trade policy --
|z France
|
| 650 |
0 |
0 |
|a Trade policy --
|z Italy
|
| 651 |
0 |
0 |
|a United Kingdom
|
| 651 |
0 |
0 |
|a Germany
|
| 651 |
0 |
0 |
|a Italy
|
| 651 |
0 |
0 |
|a France
|
| 999 |
|
|
|a B000028324
|b Book
|c Regions
|e Business Information Centre
|